00498nam a2200157Ia 4500003000900000008004100009020001800050040001600068080001600084100001900100245010700119260003500226300001400261650004100275650002400316IN-BaIIA211028s9999 xx 000 0 eng d a0-12-160150-1 cIIA Library a517.58bCAR aCarlson, B. C. 0aSpecial functions of applied mathematicscB. C. Carlson  aNew YorkbAcademic Pressc1977 axv, 335p. aAstronomy and Astrophysics Thesaurus aTheory of Functions